| 000 | 00312nam a2200109Ia 4500 | ||
|---|---|---|---|
| 999 |
_c4315 _d4315 |
||
| 003 | yeezen | ||
| 005 | 20201026153838.0 | ||
| 008 | 180213s9999||||xx |||||||||||||| ||und|| | ||
| 020 |
_cNT310 _a978-986-398-236-4 |
||
| 100 | _a許書揚 | ||
| 245 | 0 |
_c許書楊 _a人才管理聖經:向財星五百大學習最佳實務 |
|
| 250 | _a一版 | ||
| 260 |
_c2017 _a台北市 |
||
| 942 |
_2ccl _cBOOK |
||